120 historias del cine
Guardat en:
| Autor principal: | |
|---|---|
| Format: | Llibre |
| Idioma: | espanyol |
| Publicat: |
Buenos Aires
Caja Negra
2010
|
| Edició: | 1a. ed |
| Col·lecció: | Caja Negra, 02
|
| Matèries: | |
| Etiquetes: |
Afegir etiqueta
Sense etiquetes, Sigues el primer a etiquetar aquest registre!
|
MARC
| LEADER | 00000cam a2200000 a 4500 | ||
|---|---|---|---|
| 001 | UCG9120 | ||
| 003 | CL-VaPUC | ||
| 008 | 120120e20100000AG |||||||||||||||||spa|d | ||
| 020 | |a 9789871622047 | ||
| 082 | 0 | 4 | |a 830 |b KLU |2 21 |
| 100 | |a Kluge, Alexander |e author |9 575363 | ||
| 245 | 1 | 0 | |a 120 historias del cine |
| 250 | |a 1a. ed | ||
| 300 | |a 320 p | ||
| 942 | |c BK | ||
| 945 | |d 20120120 00:00:00 |a dcastane | ||
| 260 | |a Buenos Aires |b Caja Negra |c 2010 | ||
| 650 | 0 | |a Literatura alemana |9 265457 | |
| 650 | 0 | |a Cine alemán |9 408351 | |
| 583 | |a last modification |c 20120120 10:38:00 |k Rodrigo Vera | ||
| 490 | 0 | |a Caja Negra, 02 | |
| 999 | |c 346688 |d 346686 | ||
| 952 | |0 0 |1 0 |4 0 |6 830_000000000000000_KLU_2010 |7 0 |8 R |9 447490 |a BIBART |b BIBART |d 2019-11-22 |i 4806379 |o 830 KLU 2010 |p 4806379 |r 2025-03-13 |w 2019-11-22 |y BK_R |k ART | ||